000 00680nam a2200217Ia 4500
001 8857
003 GE_BSU
008 181216s||||||||xx |||||||||||||| ||und||
040 _cGE_BSU
100 _aკანანელი,გ.
245 _aხალხური მთქმელი
245 _bლექსები
245 _cრედ. ირ. არაბული მხატვ. რ. რევაზიშვილი
260 _aთბილისი
260 _bსახელგამი
260 _c1955
300 _a119გვ.17სმ.
653 _aლექსები
653 _aხალხური მთქმელი
942 _cBK
999 _c42164
_d42164